Mathematical methods in computer aided geometric design

Αποθηκεύτηκε σε:
Λεπτομέρειες βιβλιογραφικής εγγραφής
Άλλοι συγγραφείς: Lyche, Tom (Επιμελητής έκδοσης), Schumaker, Larry L., 1939- (Επιμελητής έκδοσης)
Μορφή: Βιβλίο
Γλώσσα:English
Δημοσίευση: Boston : Academic Press, c1989.
Θέματα:
Ετικέτες: Προσθήκη ετικέτας
Δεν υπάρχουν, Καταχωρήστε ετικέτα πρώτοι!

MARC

LEADER 00000cam a2200000 i 4500
001 1/61124
008 941103s1989 mau ||| | eng||
020 |a 012460515X 
035 |l 10046382 
035 |a 1993  |c ΧΑΤΖΗΣΑΒΒΑΣ 
040 |a GR-MyUA  |b gre  |e AACR2 
041 0 |a eng 
082 0 |a 516.15028   |2 (20) 
245 1 0 |a Mathematical methods in computer aided geometric design /   |c edited by Tom Lyche, Larry L. Schumaker.  
260 |a Boston :   |b Academic Press,   |c c1989.  
300 |a xv, 611, [4] σ. :   |b εικ. ;   |c 24 εκ.  
500 |a Papers originally presented at an international conference held June 16-22, 1988, at the University of Oslo, Norway.  
504 |a Περιέχει βιβλιογραφικές αναφορές.  
650 0 0 |a Geometry  |x Data processing  |x Congresses. 
700 1 |a Lyche, Tom,  |e edt 
700 1 |a Schumaker, Larry L.,   |d 1939-  |e edt 
852 |a INST  |b SAMOS  |e 19941103  |h 516.15028 MAT  |p 005300003462  |q 005300003462  |t BK  |y 0 
909 |a Σ  |b 023069